LEADER 01267nam a2200193 i 4500 001 000000250379 003 CaOOAMICUS 005 20160801000000.0 008 160801s1730 xx u000 u lat u 013 $a229284 026 $a1918 06X. t,im viom (3) 1771 (R) 040 $aSeMil$bita 245 10$aTomus 4. 300 $axii, 750, [2] p. 500 $aSegn. : a6 A-5B4. 773 0 $aAlexandre, Noël <1639-1724>$tR.P. Natalis Alexandri ... Historia ecclesiastica Veteris Novique Testamenti ab orbe condito ad annum post Christum natum millesimum sexcentesimum: et in loca ejusdem insignia dissertationes historicae, chronologicae, criticae, dogmaticae. Opera et studio Constantini Roncaglia lucensis, congregationis matris dei. Qui accedunt, praeter animadversiones a P. Joanne Dominico Mansi ... in secunda lucensi editione insertas, aliae insuper ejusdem auctoris noviter elucubratae. Tomus 1. [-9].$bEditio omnium novissima, notis & animadversionibus, quod historiam & dissertationes novi testamenti, aucta ad castigationem & illustrationem ...$dVenetiis : Sumptibus Societatis, 1771.$g4$w()16710 850 $aSeMil 852 $aSeMil$W1$xVenegono$y1$m3B VIII 12 FA$j200725$B200725$CSeMilBibl$Z2$F212413 $8I 996 $6245$aTomus 4$9(OLS)http://semarc/title/151236 LEADER 00939nam a2200217 i 4500 001 000000227025 003 CaOOAMICUS 005 20140212000000.0 008 140212s1828 it u000 u ita u 013 $a205927 026 $ao.a. i,i- Uner AfLa (3) 1828 (A) 040 $aSeMil$bita 245 10$aAgosto. 300 $a292 p. 500 $aSegn. : A-L12 M14. - Fondo Bidoglio. 773 0 $aMassini, Carlo $tSeconda raccolta di vite de' Santi per ciaschedun giorno dell'anno ovvero Appendice alla raccolta delle vite de' santi si premette la vita della Santissima Vergine Maria madre di Dio.$bNuova edizione riveduta, ed accresciuta dall'autore.$dBassano : Tipografia Remondini, 1828.$g8$w()29437 850 $aSeMil 852 $aSeMil$W1$xVenegono$y1$m5A IV 22 FA$j177371$B177371$CSeMilBibl$Z2$F188177 $8I 941 1 $a2 961 $aLascito: Bidoglio don Maurizio 996 $6245$aAgosto$9(OLS)http://semarc/title/271413